| 000 | 00960nam a2200265Ia 4500 | ||
|---|---|---|---|
| 003 | OSt | ||
| 005 | 20221005110251.0 | ||
| 006 | a|||||r|||| 00| 0 | ||
| 007 | ta | ||
| 008 | 221004b |||||||| |||| 00| 0 hin d | ||
| 020 |
_a9788184204704 _c900 |
||
| 024 | _a14889 | ||
| 037 |
_b48, 30/10/2014, Mallika Books _cTextual |
||
| 040 |
_aCRL _cCRL _bhin |
||
| 041 |
_2hin _ahin |
||
| 082 | _aP15:3, 152Q4 | ||
| 100 | _aअग्रवाल, अर्चना | ||
| 245 | 0 | _aसंस्कृत भाड्ढा की संरचना | |
| 246 | _aSanskṛut bhāḍḍhā kī sanrachanā | ||
| 260 |
_aनई दिल्ली _bसुमित इन्टरप्राइजेज भारत _c2014 |
||
| 300 |
_a296पृ0 _ccm. |
||
| 650 | _aहिन्दी भाषा | ||
| 942 |
_hP15:3, 152Q4 _cTEXL _2cc |
||
| 999 |
_c1018283 _d1018283 |
||